[Event "89_| Campeonato Brasileiro 2023"]
[Site "Recife"]
[Date "2023.12.21"]
[Round "11.3"]
[White "Tomiello, Lucas Costamilan"]
[Black "Mekhitarian, Krikor Sevag"]
[Result "0-1"]
[WhiteElo "2300"]
[BlackElo "2559"]
[Annotator "MI Luis Rodi - Stockfish 16 (CB)"]
[PlyCount "96"]
[EventDate "2023.??.??"]
[EventCountry "BRA"]
[WhiteClock "0:01:32"]
[BlackClock "0:03:10"]

{[%evp 18,96,35,33,50,46,43,43,34,36,47,39,42,45,36,38,48,-2,-11,-17,34,0,85,
31,44,51,63,32,209,48,60,-46,-48,-46,-39,-37,44,-56,-58,-98,-61,-55,-41,-46,
-20,-96,-98,-122,-118,-222,-215,-241,-235,-212,-222,-222,-225,-211,-225,-214,
-225,-369,-337,-329,-214,-414,-419,-467,-460,-450,-424,-591,-585,-582,-577,
-605,-582,-643,-634,-627,-627] A rodada começou com um empate rápido em uma
posição teórica da Siciliana Najdorf entre o mestre fide Lucas do Valle
Cardoso e o GM Luis Supi, quem assegurou assim ao menos compartilhar a
primeira colocação. Nessa hora, esse resultado permitia a um único
competidor o alcançá-lo: o GM Renato Quintiliano, que levando as peças
pretas enfrenta ao mestre internacional Diego di Berardino. O jogo se
desenvolve em uma aguda linha da variante Semieslava. Ademais do título de
campeão nacional, três passagens para a próxima olimpíada estão em jogo,
e muitos mestres ainda tem chances, pelo qual nas mesas seguintes se registra
uma luta sem quartel.Passadas duas horas e meia de jogo, a mesa 2 do duelo Di
Berardino - Quintiliano mostra uma posição vantajosa para o primeiro; as
partidas Tomiello - Mekhitarian e Fier - Filgueiras continuam mostrando
posições equilibradas, embora em posições de diferente caráter: uma aguda
linha da Siciliana Clássica e uma tranquila variante das trocas do Gambito da
Dama. Logo a posição melhor de Di Berardino se transformou em vitória, lhe
permitindo compartilhar a segunda colocação. O resultado também assegura o
primeiro lugar isolado na prova ao grande mestre Luis Supi. Na mesa 4 também
há novidades, com Fier obtendo uma vantagem decisiva. Na mesa 3 Krikor está
tal vez algo melhor, porém com menos tempo no relógio. Pouco depois Fier
vencia, alcançando também a segunda colocação compartilhada. E o jogo
entre Tomiello e Mekhitarian se transformava em uma posição de vantagem
decisiva para o segundo, um final técnico de torre, cavalo e cinco peões
para seu lado contra duas torres e dois peões das brancas. É o nosso jogo do
dia. Com esta vitória, Krikor também compartilha o segundo lugar, e a
definição da equipe olímpica depende agora dos desempates. Boas vitórias
dos grandes mestres Everaldo Matsuura, Darcy Lima e Yago Santiago, finalizando
um torneio que não começou da melhor forma para eles com uma nota positiva.
As posições finais: 1. Luis Supi, 9 pontos; 2-6. Alexandr Fier, Krikor
Mekhitarian, Lucas do Valle Cardoso, Diego di Berardino e Everaldo Matsuura, 8,
5 pontos; 7- 10. Renato Quintiliano, Yago Santiago, Charles Gauche e Darcy
Lima, 8 pontos. Se Fier já estava classificado na equipe olímpica por ser o
campeão 2022, por esta prova ingressam Supi, Mekhitarian e Cardoso.} 1. e4 c5
2. Nf3 d6 3. d4 cxd4 4. Nxd4 Nf6 5. Nc3 Nc6 6. Bg5 {A variante de Richter
Rauzer segue sendo a principal escolha teórica na hora de enfrentar a
Siciliana Clássica. As posições agudas que dela se desprendem, geralmente
com reis em setores opostos do tabuleiro, são ótimas para a necessidade
mútua de vfitória dos protagonistas. O ponto neste pode valer a vaga
olímpica!} e6 7. Qd2 a6 {Atualmente este lance pertence à linha principal,
tendo relegado à alternativa} (7... Be7) 8. O-O-O Bd7 9. f3 {[#] Os esquemas
com f3, em vez do clássico tratatamento com f4, foram ganhando alcunha de
linha principal. As brancas propõem um cenário semelhante ao do Ataque
Inglês contra a estrutura Scheveningen.} Nxd4 {Depois de muitas partidas com
as pretas escolhendo a opção 9...Be7, nos últimos tempos no nível
magistral se decide amplamente por esta troca, que restringe algumas
possibilidades brancas. A linha é complicada teoricamente, com muitas
transposições a posições que ambos os lados devem conhecer.} 10. Qxd4 Be7
11. Qd2 (11. Kb1) ({e} 11. h4 {são as linhas principais. O lance do texto é
raramente usado; parece que o condutor das brancas tem em mente um esquema com
colocação de bispo em d3 e manobra do cavalo a d4. Uma forma temática de
tratar a posição que eu observei primeiro em um livro de Bologan.}) 11... b5
12. h4 h6 ({Alternaiva melhor seria} 12... Qc7 {como na partida entre Zhu
Jioner - Dardha, Wijk aan Zee 2022.}) 13. Be3 h5 {[#] També uma forma
temática de tratar a posição. O avanço de peão bloqueia as ações
brancas na ala do rei e a escala prévia foi para levar o bispo de casas
pretas das brancas a uma posição menos agressiva. Por enquanto o rei das
pretas vai permanecer no centro, defendido por peões ouriço.} 14. Kb1 (14.
Bg5 {é uma reação natural aqui. Um exemplo prático seria:} Qc7 15. Kb1 Rb8
16. Bd3 b4 17. Ne2 a5 {Leks - Worek, Polônia 2020}) 14... Qc7 15. Bd3 b4 16.
Ne2 a5 {[#] Tipo de posição específica que depende de detalhes muito
concretos, difícil de avaliar até para as máquina. As experiências
práticas em cenários semelhantes mostram que ambos os lados dispõem de
chances.} 17. Nd4 (17. Rc1 $14) 17... Qb7 $11 18. Bg5 Rb8 ({Difícil saber se
a torre está melhor aqui que em a8.} 18... a4 $11 19. Rhe1 Qb6 $44 ({a opção
} 19... O-O {envolve certo risco, porém seria interessante trazer a torre do
rei pra ajudar no ataque.}) 20. g4 b3) 19. Rhe1 a4 $6 {Antes de realizar este
avanço, as pretas deveriam provocar a retirada do cavalo centralizado:} (19...
Qb6 $11 {remains equal.} 20. Bc4 (20. Ne2 a4 {a ideia é atrapalhar a reação
branca com e5}) 20... Qc5 (20... O-O {com uma posição de duplo gume onde
qualquer coisa pode acdontecer})) 20. f4 {Deste jeito as brancas mantêm
abertas as duas possibilidades de ruptura, porém realizada no centro de forma
imediata parace mais crítica:} (20. e5 $16 dxe5 21. Rxe5 {Em comparação com
a partida, aqui as brancas abriram as colunas centrais para suas torres. A sua
posição é preferível; possivelmente a vantagem branca não é tudo isso
que as máquinas mostram, dado que a posição se mantem extremamente
complicada, porém com certeza teria dificultado as operações pretas. Um dos
problemas aqui é que o rei no centro não deixa sua torre participar das
ações.}) 20... Qb6 21. Bc4 {[#] As brancas devem tentar manter o seu cavlo
no centro, para poder realizar ações perigosas no setor. A chegada do
bispoà diagonal a2-g8 adiciona ainda mais tensão à luta.} Rc8 22. b3 {
aiming for e5.} (22. Qe2 {seria outra possibilidade}) 22... Ng4 $2 ({[#] Um
lance que pode ter levado às pretas a enfrentar sérios problemas. No seu
lugar seria melhor} 22... O-O $14 {embora 23.e5 mostra a iniciativa das
brancas, uma grande luta se estende pela frente.}) 23. f5 $5 ({Lucas pensou
quase 20 minutos este avanço. Não sei se ele considerou esta linha:} 23. Bxe7
$1 $18 Kxe7 24. Nf3 (24. e5 d5 25. f5 {Uma posição que o computador valoriza
como vantagem decisiva branca. Teria sido muito perigoso para o rei preto,
porém desde já não tinha uma linha fácil de calcular todas suas
consequências.})) 23... e5 $1 $14 24. Ne6 $5 {[#]} ({Muito empreendedora,
mostrando que as brancas estão procurando unicamente a vitória. No entanto,
a mais tranquila} 24. Nf3 $1 $14 {era possivelmente melhor}) 24... Rg8 $1 $36 {
[%mdl 2048] Black has some pressure.} 25. Bxe7 Kxe7 26. Ng5 $1 ({Péssimo seria
} 26. Qg5+ Nf6 27. Nxg7 Rxc4 28. bxc4 b3 $19) 26... Rxc4 $6 {[#] Com 10
minutos no relógio contra 14 do seu adversário, Krikor decide que chegou o
momento de mudar o caráter da luta, que nos últimos lances vinha
evidenciando uma tendência favorável ao primeiro jogador.} (26... Be8 $15)
27. bxc4 $2 ({As brancas realizaram de imediato esta recaptura, justificando o
plano preto. Em seu lugar deveria jogar} 27. Qd5 $1 $14 {teria sido um desafio
sério à ideia preta.} Rf8 ({Depois de} 27... Nh6 28. Qxc4 Rc8 29. Qd5 {
as brancas não deterioraram s formação de peões.} Rc3 $44) 28. bxc4 (28.
Qxc4 Ne3 $14 29. Rxe3 Qxe3 30. Qxb4 $16)) 27... Rc8 $1 {Uma séria mudança na
avaliação. Agora são as pretas que desenvolvem uma forte iniciativa.} 28.
Qd3 f6 29. Ne6 $1 Bxe6 30. fxe6 Qc5 31. Qd5 {[#]} (31. Re2 $11 {seria a melhor
defesa.} Rc6 32. c3 {Depois do lance do texto é evidente que as brancas não
têm plano construtivo. A entrega em c4 e a troca em e6 tiraram toda a
dinâmica da sua posição.}) 31... Rc6 $1 $17 32. Rd3 Qxc4 33. Qxc4 (33. Re2
$17) 33... Rxc4 $17 {[%mdl 4096] No que segue, ambos os mestres tinham menos
de 5 minutos no relógio. As pretas realizaram uma convicente tarefa de
concretizção da vantagem.} 34. a3 bxa3 ({Weaker is} 34... Kxe6 35. axb4 Rxb4+
36. Ka2 $15) 35. Rxa3 Kxe6 36. Kb2 Rb4+ 37. Kc3 Rd4 38. Rea1 Rxe4 39. Rxa4 (39.
Kd2 $142 Rf4 40. Rf3) 39... Re2 {[#] Embora a matemática diz que a torre é
igual a cavalo e dois peões, isso não é de aplicação aqui, onde o avanço
dos peões pretos não tem como impedir. Por outro lado, os peões das brancas
são muito fracos.} 40. Ra6 Nh6 41. Rd1 $2 (41. Kd3 {was the only chance.} Rxg2
42. c4) 41... Nf5 $19 42. g3 Rg2 {Black is clearly winning.} 43. Kb2 Nd4 44.
Rd3 Rxc2+ 45. Kb1 {Threatens to win with Rxd4!} Rg2 46. Raa3 Nf5 47. Kc1 e4 48.
Rdb3 d5 {Uma importante vitória do GM paulista, que asegura assim seu lugar
na equipe olímpica. Precisão: Brancas 44%, Pretas 71%.} 0-1

[Event "89_| Campeonato Brasileiro 2023"]
[Site "Recife"]
[Date "2023.12.21"]
[Round "11.4"]
[White "Fier, Alexandr"]
[Black "Filgueiras, Nathan Felipe"]
[Result "1-0"]
[WhiteElo "2545"]
[BlackElo "2295"]
[Annotator "Stockfish 16 (CB)"]
[PlyCount "93"]
[EventDate "2023.??.??"]
[EventCountry "BRA"]
[WhiteClock "0:31:26"]
[BlackClock "0:00:45"]

{[%evp 24,93,34,25,23,24,27,23,26,19,17,20,17,17,16,17,20,19,22,24,21,13,14,16,
18,14,17,17,30,18,23,11,16,8,9,13,7,12,14,0,3,0,0,0,0,0,6,0,0,0,0,0,3,0,12,26,
105,18,215,230,203,6,6,12,505,458,568,549,553,545,551,544]} 1. d4 d5 2. c4 e6
3. Nc3 Nf6 4. Nf3 Nbd7 5. cxd5 exd5 6. Bg5 c6 7. e3 Be7 8. Qc2 O-O 9. Bd3 Re8
10. O-O Nf8 11. h3 g6 12. Rab1 Ne6 13. Bh4 Ng7 {D36: Queen's Gambit Declined:
Exchange Variation: Main line (5 Bg5 c6 6 Qc2).} 14. b4 a6 15. a4 Bf5 {White
has an edge.} 16. Bxf5 Nxf5 17. Bxf6 Bxf6 18. b5 axb5 19. axb5 Nd6 20. bxc6
bxc6 21. Nd2 Qa5 22. Nb3 $146 ({Predecessor:} 22. Ne2 Rec8 23. Nf4 Qd8 24. Rfc1
Nb5 25. Qd1 Be7 26. Nd3 Ba3 27. Rc2 Bd6 28. Rbc1 {1-0 (106) Steingrimsson,H 
(2504)-Yim,S (2243) Chesterfield 2022}) 22... Qa7 23. Ra1 Qd7 24. Na4 Qc7 25.
Nd2 Nf5 26. Nf3 Nd6 27. Nc5 Nc4 28. Ra4 Be7 29. Rfa1 Rxa4 30. Qxa4 Rc8 31. Qa6
Rb8 32. Qa4 {aiming for Na6.} Rb5 33. Nd3 Bd6 (33... Ra5 $5 34. Qd1 $8 f6 $11)
34. Qc2 Qb7 35. g4 Kg7 36. Kg2 Qe7 37. Qc3 h5 38. gxh5 gxh5 39. Nde5 Bxe5 (
39... Qe6 $1 $11) 40. dxe5 $16 {And now Nd4 would win.} Rb2 $2 (40... c5 $1 $11
{and Black has nothing to worry.}) 41. Qd4 $1 $18 Qe6 {[#]} 42. Qf4 $2 (42. Rg1
$1 $18 Kf8 43. Qh4) 42... Qg6+ $11 43. Ng5 {[#] Ra7 is the strong threat.} Rb7
$2 {[%mdl 8192]} (43... Qf5 $1 $11 {[%mdl 512]}) 44. Kh2 {White is clearly
winning.} Re7 45. Nf3 {Black must now prevent Rg1.} Kf8 46. Rg1 Qe6 47. Rg5 {
Accuracy: White = 84%, Black = 72%.} 1-0

[Event "89_| Campeonato Brasileiro 2023"]
[Site "Recife"]
[Date "2023.12.21"]
[Round "11.5"]
[White "Molina, Roberto Junio Brito"]
[Black "Matsuura, Everaldo"]
[Result "0-1"]
[WhiteElo "2381"]
[BlackElo "2418"]
[Annotator "Stockfish 16 (CB)"]
[PlyCount "35"]
[EventDate "2023.??.??"]
[EventCountry "BRA"]
[WhiteClock "0:09:24"]
[BlackClock "0:53:28"]

{[%evp 16,35,36,36,42,5,7,7,34,-21,-16,-26,-25,-16,-16,-19,-21,-21,528,-31,11,
-7]} 1. d4 d5 2. c4 c6 3. Nf3 Nf6 4. Nc3 dxc4 5. a4 e6 6. e3 c5 7. Bxc4 Nc6 8.
O-O cxd4 9. exd4 Be7 {D16: Slav Defence: 5 a4: Lines with 5...Bg4 and 5...Na6.}
10. Bg5 O-O 11. Re1 b6 12. Qd3 (12. Ne5 $14 Nxd4 13. Be3) 12... Bb7 13. Rad1
Nb4 14. Qe2 {[#] Hoping for d5!} Nfd5 15. Bd2 Rc8 16. Bb3 $146 ({Predecessor:} 
16. Rc1 Nxc3 17. Rxc3 {1/2-1/2 (17) Kacheishvili,G (2587)-Krush,I (2455) Las
Vegas 2010}) 16... Bg5 $2 {[%mdl 8192]} (16... a5 $11 {and Black stays safe.})
17. Ne5 $2 (17. Bxg5 $18 Qe8 18. Nb5) 17... Ba6 (17... Bf4 $15) 18. Qf3 {
[%mdl 32768] Accuracy: White = 50%, Black = 57%. . Loss on time!?} 0-1

[Event "89_| Campeonato Brasileiro 2023"]
[Site "Recife"]
[Date "2023.12.21"]
[Round "11.6"]
[White "Santiago, Yago De Moura"]
[Black "Do Nascimento, Christian Almeida"]
[Result "1-0"]
[WhiteElo "2476"]
[BlackElo "2125"]
[Annotator "Stockfish 16 (CB)"]
[PlyCount "66"]
[EventDate "2023.??.??"]
[EventCountry "BRA"]
[WhiteClock "0:48:38"]
[BlackClock "0:02:56"]

{[%evp 11,66,113,114,96,105,100,111,104,116,100,158,119,114,105,123,60,63,74,
92,95,128,133,145,143,312,325,300,288,431,312,339,330,338,324,315,273,352,286,
387,370,364,370,397,413,491,477,482,446,564,571,838,780,942,647,29986,674,
29993]} 1. d4 e6 2. c4 f5 3. Nc3 d5 4. Nf3 c6 5. Bf4 Bd6 6. e3 Nf6 7. Be2 {
A84: Dutch Defence: 2 c4 Miscellaneous.} O-O 8. O-O b6 9. Qc2 {White is better.
} Qe7 10. Rab1 $146 ({Predecessor:} 10. Bxd6 Qxd6 11. Ne5 Nbd7 12. cxd5 exd5
13. Qxf5 Ne4 14. Nxe4 Qh6 15. Qg5 Nxe5 16. Qxh6 gxh6 {1-0 (33) Kaiser,D (2290)
-Magalotti,A (2220) Forli 1990}) 10... Nbd7 ({Better is} 10... Ba6) 11. Bxd6
Qxd6 12. b4 Ne4 13. b5 ({White should try} 13. Rfc1 $16) 13... Bb7 14. bxc6
Bxc6 15. cxd5 exd5 16. Rfc1 Nxc3 17. Qxc3 Rf6 $2 (17... Rac8 $16 18. Qb3 Bb7)
18. Ne5 $18 Rc8 19. Bb5 Bb7 (19... Nb8 {was worth a try.} 20. a3 Bb7) 20. Qb2
Nf8 21. Rxc8 Bxc8 22. Rc1 Bb7 23. Bc6 Qe7 24. Qb3 {aiming for Qxd5+.} Rd6 25.
Bxb7 Qxb7 26. Rc6 Rd8 27. Qc2 g6 28. h4 Qe7 {[#]} 29. h5 $1 {[%mdl 512]} Rd6 (
29... gxh5 30. Qxf5) 30. Rc7 Qh4 31. h6 Ne6 32. Rxa7 {Qc8+ is the strong
threat.} Qh5 {[#]} 33. g3 (33. Rg7+ $142 $1 {[%mdl 512]} Kf8 (33... Nxg7 34.
Qc8+) 34. Nd7+ Rxd7 35. Rxd7 Qh4 36. Qc8+ Nd8 37. Rxd8+ Qxd8 38. Qxd8+ Kf7 39.
Qd7+ Kf6 40. f4) 33... Rd8 {Accuracy: White = 60%, Black = 22%.} 1-0

[Event "89_| Campeonato Brasileiro 2023"]
[Site "Recife"]
[Date "2023.12.21"]
[Round "11.7"]
[White "Asfora, Marco Antonio H."]
[Black "Lima, Darcy"]
[Result "0-1"]
[WhiteElo "2140"]
[BlackElo "2377"]
[Annotator "Stockfish 16 (CB)"]
[PlyCount "108"]
[EventDate "2023.??.??"]
[EventCountry "BRA"]
[WhiteClock "0:32:40"]
[BlackClock "0:50:42"]

{[%evp 18,108,22,6,40,-11,48,-17,-17,-22,-25,-24,-11,-11,-11,-7,-10,-28,-31,
-41,-13,-13,-9,-25,-16,-17,-23,-28,-17,-17,-23,-23,0,-47,-58,-52,-47,-43,-53,
-52,-42,-43,-46,-53,-37,-51,-29,-31,-16,-39,-5,-5,-8,-16,0,0,0,0,0,0,0,-1,-11,
-12,0,-12,-12,-21,-12,-17,-14,-14,-17,-32,0,-23,0,-33,-20,-379,-400,-375,-395,
-395,-392,-472,-458,-471,-462,-588,-586,-9605,-3485]} 1. e4 c5 2. Nf3 d6 3. d4
cxd4 4. Nxd4 Nf6 5. Nc3 Nc6 6. Be2 e6 7. Be3 Be7 8. O-O O-O 9. f4 Bd7 10. Bf3
Qc7 {B83: Sicilian Scheveningen: 6 Be2, lines without ...a6.} 11. Qd2 (11. Ndb5
$14 Qb8 12. a4) 11... Rac8 $146 (11... Nxd4 $11 12. Bxd4 e5) ({Predecessor:} 
11... a6 12. a4 Rac8 13. Rfd1 Nxd4 14. Bxd4 e5 15. Bf2 Bc6 16. f5 Rfd8 17. Rac1
b5 18. a5 Qb7 19. Nd5 Bxd5 20. exd5 Rc4 21. g3 Rdc8 22. c3 Bd8 23. b3 R4c7 24.
Be3 h6 25. Rc2 {1/2-1/2 (25) Wirth,A (1921)-Feher,L (2046) Hungary 2012}) 12.
Nxc6 (12. Ndb5 $14 Qb8 13. Rad1) 12... Bxc6 $11 {The position is equal.} 13.
Qf2 b5 14. a3 $1 a5 15. Bb6 Qb7 {[%cal Rf6e4]} 16. Bxa5 Nxe4 17. Bxe4 Bxe4 18.
Nxe4 {[#] Black must now prevent Ng3.} Qxe4 19. c3 g6 20. Bb4 Rfd8 21. Rad1 Rc4
22. Qf3 Qc6 23. Qxc6 Rxc6 24. Rd3 Bf6 25. Rfd1 (25. g4 $11 {deserves
consideration.}) 25... d5 $15 26. Kf2 h5 27. g3 Kg7 28. Kf3 Rc4 29. Ba5 Rb8 30.
Bb4 Rb6 31. h3 g5 32. f5 g4+ 33. Kg2 Rbc6 34. fxe6 fxe6 35. hxg4 hxg4 36. Re1
Ra6 37. Rde3 Kf7 38. R3e2 Rc8 39. Rh1 Kg6 40. Rhe1 Rcc6 41. Rd1 Ra8 42. Rde1
Kf7 43. Rh1 Kg6 44. Rd1 Rh8 45. Rde1 Kf7 46. Rd1 Rh5 47. Rf1 e5 48. Rh1 $2 {
[%mdl 8192] [#]} (48. Ref2 $11 {and White has nothing to worry.}) 48... Rxh1
$19 49. Kxh1 {[%mdl 4096] Endgame KRB-KRB} Ke6 50. Kg2 Kf5 51. Bf8 d4 {Black
is clearly winning.} 52. cxd4 exd4 53. Kf2 d3 54. Rd2 Ke4 {Accuracy: White =
63%, Black = 62%.} (54... Bd4+ $142 55. Ke1 Ke4) 0-1

[Event "89_| Campeonato Brasileiro 2023"]
[Site "Recife"]
[Date "2023.12.21"]
[Round "11.8"]
[White "Ribeiro, Matheus Mendes Domi"]
[Black "Gauche, Charles"]
[Result "0-1"]
[WhiteElo "2136"]
[BlackElo "2142"]
[Annotator "Stockfish 16 (CB)"]
[PlyCount "49"]
[EventDate "2023.??.??"]
[EventCountry "BRA"]
[WhiteClock "0:30:06"]
[BlackClock "0:41:28"]

{[%evp 9,49,6,9,7,12,19,13,23,28,30,44,42,60,54,59,54,55,60,55,37,38,39,41,24,
56,10,20,4,11,0,11,11,7,8,6,0,0,0,0,0,0,-2]} 1. c4 e5 2. Nc3 Nf6 3. Nf3 Nc6 4.
e4 Bb4 5. d3 d6 6. a3 {A28: English Opening: Four Knights Variation.} Bxc3+ 7.
bxc3 h6 8. g3 O-O 9. Bg2 Be6 10. O-O Qd7 11. Nh4 $1 Bh3 12. f4 Bxg2 13. Kxg2
Qg4 14. Qxg4 Nxg4 15. h3 Nf6 16. Nf5 $146 ({Predecessor:} 16. Be3 b6 17. Kf3
Rfb8 18. a4 Na5 19. Ke2 Re8 20. Nf5 Nd7 21. Kd1 Nb3 22. Ra2 {1-0 (58)
Chronopoulos,A (2058)-Pech,J (2071) FICGS email 2021}) 16... Kh7 17. Be3 (17.
a4 $14) 17... Nd7 {The position is equal.} 18. Rad1 Rae8 19. fxe5 Ndxe5 20. c5
dxc5 21. Bxc5 Rg8 22. Nd4 b6 {aiming for ...Nd8.} 23. Nxc6 Nxc6 24. Be3 Re7 25.
Kf3 {[%mdl 32768] Precisão: Brancas 75%, Pretas 74%. . Sensor Board Error 
(Ke4/e5)?} 0-1